[Event "Hoogovens op"]
[Site "Wijk aan Zee"]
[Date "1993.01.??"]
[Round "2"]
[White "Van der Wiel, John"]
[Black "Van Wely, Loek"]
[Result "0-1"]
[WhiteElo "2555"]
[BlackElo "2560"]
[Annotator "Stohl,I"]
[PlyCount "70"]
[EventDate "1993.01.??"]
[EventType "swiss"]
[EventRounds "12"]
[EventCountry "NED"]
[SourceTitle "CBM 034"]
[Source "ChessBase"]
[SourceDate "1993.06.01"]
[SourceVersion "1"]
[SourceVersionDate "1993.06.01"]
[SourceQuality "1"]

1. e4 d6 2. d4 Nf6 3. Nc3 g6 4. Bg5 Bg7 5. Qd2 c6 6. Bh6 Bxh6 (6... O-O 7. h4
$5 $40) 7. Qxh6 Qa5 (7... b5 8. e5 $1 b4 9. exf6 bxc3 10. bxc3 exf6 11. Bd3
Qe7+ 12. Ne2 Qf8 13. Qd2 Qe7 14. O-O O-O 15. Rfe1 f5 16. c4 Nd7 17. Rab1 Nb6
18. Qa5 $36 {Jansa,V-Gazik,I,CSFR tch 1992}) 8. Bd3 c5 $1 (8... Nbd7 9. Nf3 e5
10. O-O exd4 11. Nxd4 Qh5 12. Qd2 O-O 13. Be2 Qe5 14. f4 Qe7 15. Bf3 Nb6 16.
Rae1 Rd8 17. b3 $14 {(),Adams,M-Nogueiras,J,Buenos Aires Najdorf 1991-CBM 24})
9. Nge2 (9. d5 Nbd7 10. Nf3 b5 $1 11. O-O c4 12. Be2 b4 13. Nd1 Qc5 14. Ne3 c3
15. bxc3 Qxc3 16. Ng5 Ng8 17. Qh4 h6 18. Nf3 g5 19. Qg3 Ndf6 20. Bb5+ Kf8 $17 {
Adams,M-Van Wely,L,Debrecen EU-chT 1992}) 9... cxd4 10. Nxd4 Qb6 11. O-O-O Nc6
(11... Qxd4 $4 12. Bb5+ $18) (11... Nbd7 12. Bb5 $5 $14 {/\Nd5}) 12. Nxc6 $6 {N
} (12. Bb5 Bd7 13. Nd5 Nxd5 14. exd5 Nxd4 15. Qg7 Rf8 16. Bxd7+ Kxd7 17. Qxd4
$8 Qxd4 18. Rxd4 e5 $1 19. dxe6+ fxe6 20. Rhd1 d5 $10 {Rasik,V-Nijboer,F,
Debrecen EU-chT 1992}) 12... bxc6 $132 13. Rd2 (13. f4 $5 Rb8 14. b3 $13) 13...
Rb8 14. Nd1 Be6 $36 {-><<,<->b} 15. a3 c5 {/\c4-c3-+} 16. c3 Ng4 $1 17. Qh4 (
17. Qg7 $2 Kd7 {/\Rbg8-+}) 17... Ne5 18. f4 Nxd3+ 19. Rxd3 Qb3 20. Qf2 (20. Re1
Qa2 21. f5 Bb3 $17) 20... d5 $1 21. Qxc5 (21. exd5 Bf5 $40 {/\Qa2}) 21... O-O
$1 22. Rd4 (22. Qxe7 dxe4 23. Rd2 Rfc8 $17 {/\e3,Qa2}) 22... dxe4 23. Re1 (23.
Rb4 Qa2 {/\Bb3}) 23... Qa2 24. Rb4 Bb3 $19 25. Rxb8 Rxb8 26. Qc7 (26. Qxa7 Rd8
$19) 26... Rb6 27. Qxe7 Bxd1 28. Kxd1 $8 Rxb2 $1 (28... Qb1+ $2 29. Ke2 Rxb2+
30. Kf1 Qd3+ 31. Kg1 Qd2 32. Qxe4) 29. Qe8+ Kg7 30. Qe5+ f6 31. Qe7+ Kh6 32.
Qf8+ Kh5 33. g4+ (33. Qc5+ g5 34. g4+ Kh4 $19) 33... Kxg4 34. Rg1+ Kh5 35. Qc5+
Kh4 {/\Rb1#} (35... g5 $4 36. Rxg5+ $1 $18) 0-1

[Event "Dos Hermanas"]
[Site "Dos Hermanas"]
[Date "1993.??.??"]
[Round "9"]
[White "Polgar, Judit"]
[Black "Fernandez Garcia, Jose Luis"]
[Result "1-0"]
[WhiteElo "2595"]
[BlackElo "2475"]
[Annotator "Stohl,I"]
[PlyCount "73"]
[EventDate "1993.04.??"]
[EventType "tourn"]
[EventRounds "9"]
[EventCountry "ESP"]
[EventCategory "14"]
[SourceTitle "CBM 036"]
[Source "ChessBase"]
[SourceDate "1993.10.01"]
[SourceVersion "1"]
[SourceVersionDate "1993.10.01"]
[SourceQuality "1"]

1. e4 {Ftacnik} d6 2. d4 Nf6 3. Nc3 Nbd7 $5 4. Be3 (4. f4 e5 5. Nf3 exd4 (5...
c6 6. dxe5 dxe5 7. fxe5 Ng4 8. e6 fxe6 9. Ng5 Nde5 10. Qxd8+ Kxd8 11. h3 Nh6
12. Bf4 Ng6 (12... Nhf7 $142 $5 $14) 13. Bg3 Be7 14. Nf3 Ke8 15. O-O-O Rf8 16.
Bc4 Nf4 17. Ne1 Bg5 18. Kb1 Nf7 19. Nf3 Bh6 20. Rhg1 Bd7 21. Bb3 {Vogt,L-Ruf,M/
BL 9293/1993/}) 6. Qxd4 $1 c6 (6... Be7 7. Bd2 (7. Be3 $142 $14) 7... O-O 8.
O-O-O c6 9. h3 b5 10. g4 c5 11. Qe3 b4 12. Nd5 Nxd5 13. exd5 Nb6 $36 {Ankerst,
M-Bachler,R/Munich op/1993/}) 7. Be3 (7. e5 dxe5 8. fxe5 Bc5 9. Qh4 Qe7 10. Bf4
Bb4 11. O-O-O Bxc3 12. exf6 Bxf6 13. Qg3 O-O 14. Bc4 (14. Bd6 Qe3+ 15. Kb1 Qb6
$36) 14... Qb4 15. Bb3 Nc5 16. Bd6 {Yudasin,L-Rivas,M/Dos Hermanas/1993/} Re8
$5 $15) 7... d5 8. exd5 $5 {N} (8. e5 Ng4 9. Bg1 Nh6 10. O-O-O $14 {()}) 8...
Bc5 9. Qd3 Qe7 10. Nd4 Nb6 (10... Ng4 $2 11. Nf5) 11. dxc6 O-O $2 (11... bxc6
$142) 12. O-O-O bxc6 13. Bg1 $1 Qc7 14. g3 Rd8 $2 15. Ndb5 $1 {1-0,Polgar,
J-Rivas,M/Dos Hermanas/1993/}) (4. h3 $5 e5 5. g4 h6 (5... g6 $142 $5) 6. Bg2
exd4 7. Qxd4 g6 8. Be3 Bg7 9. Qd2 Nb6 10. b3 d5 11. Rd1 c6 12. Nge2 Be6 13. Nf4
g5 14. Nxe6 fxe6 15. O-O Qe7 16. exd5 Nbxd5 17. Nxd5 Nxd5 18. c4 $16 {->,
Topalov,V-Izeta,F/Madrid/1993/}) 4... e5 5. f3 c6 6. Qd2 Be7 7. O-O-O Qa5 (7...
exd4 8. Bxd4 O-O 9. g4 b5 10. g5 Ne8 11. Be3 $1 $14) 8. g4 b5 9. Kb1 Nb6 (9...
exd4 10. Bxd4 b4 11. Nce2 $14) 10. b3 Rb8 (10... O-O $2 11. Nd5 $16) 11. Qe1 b4
(11... exd4 12. Bxd4 b4 13. Nce2 c5 14. Bb2 $36) 12. Nce2 Be6 13. g5 Nfd7 (
13... Nh5 14. h4 $13) 14. f4 (14. Bh3 $142 $5 $13) 14... exf4 15. Nxf4 Na4 $1 (
15... Bxg5 16. Nxe6 fxe6 17. Bh3 $44) 16. Nge2 $8 (16. bxa4 $6 Bxa2+ $1 (16...
Qxa4 17. Nxe6 $18) 17. Kc1 (17. Kxa2 Qxa4+ 18. Kb1 (18. Kb2 {Ftacnik} Qa3+ 19.
Kb1 b3 $40) 18... b3 $19) 17... Qxa4 $40 {~/=}) 16... Bc4 (16... Nc3+ $6 17.
Nxc3 bxc3 18. Nxe6 fxe6 19. Bh3 $16) 17. Bd2 (17. bxc4 $2 Nc3+ 18. Nxc3 (18.
Kc1 Qa3+ 19. Kd2 Nxe4#) 18... bxc3+ 19. Ka1 Rb2 $19) (17. bxa4 Bxa2+ $1 $40 (
17... Qxa4 18. Nc1 $16)) 17... Bxg5 $1 18. Rg1 {/\Rg5} (18. bxa4 Bxa2+ $40) (
18. bxc4 $2 Nc3+ $19) 18... Bxe2 (18... Bh6 $5 {Ftacnik} 19. bxc4 $140 Nc3+ 20.
Bxc3 bxc3+ 21. Ka1 Bxf4) 19. Nxe2 $8 (19. Bxe2 Bxf4 $19) 19... Bxd2 20. Rxd2
Nc3+ $8 21. Nxc3 bxc3 22. Rd3 O-O 23. Qh4 (23. Rxc3 {/\Rg7,Rg3+-} Qb4 24. Qg3 (
24. Qd2 g6 $15 {/\c5}) 24... Qxd4 (24... g6 {Ftacnik} 25. Rf3) 25. Rxc6 Rb6 $13
) (23. Rh3 Qd8 24. Qg3 Qf6 $13) (23. Qg3 g6 24. Qxd6 Rfd8 $132 {/\} (24... Nb6
{Ftacnik} 25. Qxc6 Rfc8 {/\ Nc4}) 25. Qxc6 Rdc8 $1 26. Qxd7 Qa3 $15) 23... Qd8
24. Qh3 (24. Qxd8 $142 Rbxd8 25. Rxc3 c5 $132) 24... g6 25. Rxc3 Nf6 26. Bg2 (
26. Re3 Re8 $132 (26... d5 {Ftacnik} 27. e5 Ne4 28. Bd3)) 26... Re8 27. Qh6 (
27. e5 dxe5 28. dxe5 Rxe5 29. Rxc6 Qd4 $36 {[+]}) (27. Re3 $142 $13) 27... Rb4
$1 (27... Nxe4 $2 28. Bxe4 Rxe4 29. Rh3 $40 (29. Rh3 {Ftacnik} Qf6 30. Qxh7+
Kf8 31. Qh8+ Qxh8 32. Rxh8+ $18)) 28. d5 cxd5 29. exd5 Ng4 $1 30. Qd2 Qb6 31.
Rf1 Rd4 (31... Ne5 $36) (31... Nxh2 $5 {Ftacnik} 32. Rh1 Ng4 33. Rch3 h5 $1 (
33... Nf2 $2 34. Rxh7 Nxh1 35. Qh6 Qg1+ 36. Kb2 Qd4+ 37. c3 $1 (37. Ka3 $2 Ra4+
$1 38. bxa4 Qc3#) 37... Qf2+ 38. Ka3 $18) 34. Rxh5 gxh5 35. Qg5+ Kf8 36. Rxh5
Qg1+ 37. Kb2 Qd4+ 38. c3 $2 Qg7 $1 39. Qxg7+ Kxg7 40. cxb4 Re2+ $19) 32. Qg5
Re5 $2 (32... Ne5 $1 $15) (32... Qd8 {Ftacnik} 33. Qxd8 Rxd8 34. Rc7 Ne3 35.
Rfxf7 Nxg2 36. Rg7+ Kh8 37. Rxh7+ Kg8 38. Rcg7+ Kf8 39. Rxg6 Nf4 40. Rh8+ Kf7
41. Rxd8 Kxg6 42. Rxd6+ Kf5 43. c4 $16) (32... Ne5 $1 {Ftacnik}) 33. Qh4 $1 $18
Qb4 (33... Rh5 34. Rc8+ Kg7 35. Qe7 $18 (35. Qe7 {Ftacnik} Rf5 36. Rxf5 Rd1+ (
36... gxf5 37. Qg5#) 37. Kb2 Qd4+ 38. Ka3 $18)) (33... Re8 34. Rxf7 $1 Kxf7 35.
Qxh7+ Kf6 36. Rf3+ Ke5 37. Qg7+ $18) (33... f5 {Ftacnik} 34. Rc6) (33... Qa6 {
Ftacnik} 34. Qd8+ Kg7 35. Rxf7+ $3 Kh6 36. Rcc7 Kh5 37. Rxh7+ Nh6 38. h4 $1
Rxh4 39. Rxh6+ Kxh6 40. Qxh4+ Rh5 41. Qf4+ Rg5 42. Bf3 $18) (33... Ne3 {Ftacnik
} 34. Qf6 $1 Qb7 35. Qd8+ Kg7 36. Rc7 $18) 34. Rc8+ Kg7 35. Qxh7+ $3 (35. Rxf7+
Kxf7 36. Qxh7+ Kf6 37. Rf8+ Kg5 38. h4#) 35... Kxh7 36. Rxf7+ Kh6 37. Rh8+ (37.
Rh8+ Kg5 38. h4#) 1-0

[Event "Hoogovens op"]
[Site "Wijk aan Zee"]
[Date "1993.01.??"]
[Round "10"]
[White "Smirin, Ilia"]
[Black "Huzman, Alexander"]
[Result "1-0"]
[WhiteElo "2590"]
[BlackElo "2510"]
[Annotator "Stohl,I"]
[PlyCount "91"]
[EventDate "1993.01.??"]
[EventType "swiss"]
[EventRounds "12"]
[EventCountry "NED"]
[SourceTitle "CBM 034"]
[Source "ChessBase"]
[SourceDate "1993.06.01"]
[SourceVersion "1"]
[SourceVersionDate "1993.06.01"]
[SourceQuality "1"]

1. e4 d6 2. d4 Nf6 3. Bd3 e5 4. c3 d5 $5 5. dxe5 Nxe4 6. Nf3 (6. Nd2 Nc5 7. Bc2
Qg5 $5 8. Ne4 Qxe5 9. Nf3 Qe7 10. Qxd5 c6 11. Qxc5 Qxc5 12. Nxc5 Bxc5 13. O-O
O-O 14. Re1 Nd7 $6 (14... h6 $5 {Be6=}) 15. b4 Bd6 16. Bg5 Nf6 17. Rad1 Bc7 18.
Bb3 Bg4 19. Re7 $36 {Poluljahov,A-Agrest,E,Orel RUS-ch 1992}) 6... Nc6 (6...
Nc5 7. Bc2 Bg4 8. O-O Be7 9. h3 Bh5 10. Nbd2 Nbd7 11. Re1 Ne6 (11... Bg6 $142
$13) 12. Nb3 c6 13. Nbd4 Nxd4 14. cxd4 Nf8 15. Bf5 g6 16. Bc2 g5 17. Bf5 Ne6
18. g4 Bg6 19. Qd3 Kf8 20. Be3 $14 {(),><f5,Kostyra,S-Bartosik,O,Warsaw op 1993
}) 7. Nbd2 (7. Qe2 $5 Nc5 8. Bc2 Bg4 9. O-O Be7 10. Rd1 a5 $6 11. Nbd2 a4 12.
h3 Bh5 13. Nf1 Ne6 14. Ng3 Bxf3 15. Qxf3 Nxe5 16. Qh5 $1 Bf6 17. f4 g6 18. Qe2
Nc4 19. f5 $40 {Ibragimov,I-Agrest,E,St.Peterburg zt 1993-CBM 34}) 7... Bg4 (
7... Nc5 $5 8. Nb3 Bg4 9. O-O Qd7 10. Re1 O-O-O 11. Nxc5 Bxc5 12. b4 Bb6 13. a4
a5 14. b5 Ne7 15. Be3 Bxe3 16. Rxe3 Kb8 17. Qe1 Bxf3 18. Rxf3 Ng6 19. Rd1 Qe6
$10 {Yusupov,A-Adams,M,Hastings 1989-TD 89_14}) 8. O-O (8. Nxe4 dxe4 9. Bxe4
Qxd1+ 10. Kxd1 O-O-O+ 11. Kc2 Bxf3 12. Bxf3 Nxe5 $10) 8... Nxd2 $6 (8... Nc5
$142 $132) 9. Bxd2 Be7 10. Re1 O-O (10... Qd7 {/\Bf5} 11. Qc2 $1 Bxf3 12. Bf5
Qd8 13. gxf3 g6 14. Bd3 O-O {-10...0-0}) (10... Bh5 {/\Bg6} 11. Qc2 Bg6 12.
Bxg6 hxg6 13. e6 $36) 11. Qc2 Bxf3 12. gxf3 g6 13. f4 $14 {[+],^^} Bc5 14. Qd1
f6 (14... Qh4 15. Qf3 $14 {/\Qg3}) 15. b4 Bb6 16. c4 $1 dxc4 $8 (16... fxe5 17.
c5 e4 18. Be2 Nd4 19. Be3 $1 Nxe2+ 20. Qxe2 $18 {/\} d4 21. Qc4+) 17. Bxc4+ Kg7
18. b5 Nd4 (18... Na5 19. Bf1 $5 {פa5}) 19. a4 Nf5 (19... fxe5 20. Rxe5 (20.
a5 Bc5 21. Rxe5 Bd6 22. Re4 Nf5 23. Bc3+ Kh6 $132) 20... Nf5 21. Bc3 Bd4 22.
Bxd4 (22. Rd5 Bxc3 $1 23. Rxd8 Raxd8 $17) 22... Qxd4 23. Qxd4 Nxd4 24. Re7+ $36
) 20. Bb4 fxe5 (20... Re8 $142 $5 21. Qd5 $5 $36 (21. Bc3 Bd4 $10) (21. exf6+
Qxf6 (21... Kxf6 22. Bc3+ Bd4 23. Rxe8 $18) 22. Qd7+ Kh6 23. Rxe8 Qxa1+ 24. Kg2
Rxe8 25. Qxe8 Qd4 26. Bf8+ Ng7 $10) (21. e6 Qd4 $5 $13)) 21. Bxf8+ Qxf8 22.
Rxe5 (22. fxe5 Nh4 $40) 22... Nd6 (22... Nh4 23. Qg4 $16) 23. Qe2 Qxf4 24. Re7+
Kh6 25. Bd3 Rf8 26. Kh1 $1 $16 Qg5 (26... Qxf2 27. Qxf2 Rxf2 28. a5 Bd4 29. Ra4
$18) 27. f3 Nf5 28. Bxf5 Rxf5 29. Rf1 a6 30. bxa6 bxa6 31. Re4 a5 32. Qe1 Qf6
$2 (32... Rf7 $16 {/\Kg7}) 33. Qd2+ $1 (33. Qh4+ $6 Qxh4 34. Rxh4+ Kg7 $14 {
><f3,h2}) 33... Qg5 (33... g5 34. f4 g4 35. Rfe1 $40) (33... Kg7 34. Qd7+ Kh6
35. Re7 $18) 34. Rh4+ Kg7 35. Qd7+ Rf7 $8 36. Rxh7+ $18 Kxh7 37. Qxf7+ Kh6 38.
Qf8+ Kh7 39. Re1 Bc5 $8 40. Qf7+ Kh6 41. Qxc7 Qd2 42. Qg3 Qc2 43. Qf4+ Kg7 44.
Rc1 Qe2 45. Qe4 $1 (45. Rxc5 $4 Qf1#) (45. Qc7+ Be7) 45... Be3 46. Rc7+ (46.
Rc7+ Kf6 $8 47. Qe7+ Kf5 48. Rc5+ $1 $18) 1-0

[Event "Odorheiu Secuiesc"]
[Site "Odorheiu Secuiesc"]
[Date "1993.??.??"]
[Round "4"]
[White "Sax, Gyula"]
[Black "Nevednichy, Vladislav"]
[Result "1-0"]
[WhiteElo "2570"]
[BlackElo "2495"]
[Annotator "Stohl,I"]
[PlyCount "81"]
[EventDate "1993.05.??"]
[EventType "tourn"]
[EventRounds "11"]
[EventCountry "ROU"]
[EventCategory "12"]
[SourceTitle "CBM 036"]
[Source "ChessBase"]
[SourceDate "1993.10.01"]
[SourceVersion "1"]
[SourceVersionDate "1993.10.01"]
[SourceQuality "1"]

1. e4 d6 2. d4 Nf6 3. Nc3 e5 4. Nge2 $5 (4. dxe5 dxe5 5. Qxd8+ Kxd8 6. Bc4 Be6
7. Bxe6 fxe6 8. f3 Nc6 9. Be3 Bd6 10. Nb1 $5 {N} Ke7 11. c3 h6 12. Nd2 a5 13.
a4 Nd7 14. Nh3 Bc5 15. Ke2 Bxe3 16. Kxe3 Nc5 17. Nf2 Rhd8 18. Ra3 b6 $10 {
Prie,E-Reinderman,D/Brussels zt/1993/}) 4... c6 (4... Be7 5. f3 (5. h3 $5 exd4
6. Nxd4 O-O 7. Be3 a6 8. Qf3 Nc6 9. O-O-O Nxd4 10. Bxd4 Be6 11. e5 dxe5 12.
Bxe5 Qc8 13. g4 Nd7 14. Bf4 Rd8 15. Bg2 Nc5 16. Rxd8+ Qxd8 17. Rd1 $36 {
Thorhallsson,T-Chabanon,JL/FRA-ISD Reykjavik/1993/}) 5... O-O 6. Be3 exd4 $6 7.
Qxd4 $1 Nc6 8. Qd2 Ne5 9. Ng3 Be6 10. O-O-O c6 11. f4 Nc4 12. Bxc4 Bxc4 13. Nf5
d5 14. Nxe7+ Qxe7 15. e5 Nd7 16. b3 Ba6 17. Rhe1 Rfe8 18. Bd4 Rad8 19. f5 $36 {
Magem Badals,J-Rausis,I/FRA-chT/1992/}) 5. f3 (5. dxe5 $6 dxe5 6. Qxd8+ Kxd8 7.
f3 Be6 8. Bd2 Nbd7 9. Nc1 Kc7 10. a4 a5 11. Nd1 Ne8 12. Ne3 Bc5 13. Nc4 Bb4 14.
c3 Be7 15. Nb3 Nd6 16. Nxd6 Bxd6 17. Nc1 Nc5 18. Be3 Rhd8 19. Be2 g6 $15 {
Kristensen,B-Malaniuk,V/Espergaerde Politiken/1992/}) 5... h5 $6 (5... Be7 6.
Be3 h5 $6 (6... Qc7 7. g4 h6 $132) 7. a4 a5 8. Qd2 Nbd7 9. Ng3 Nf8 10. Bc4 h4
11. Nf5 Bxf5 12. exf5 exd4 13. Bxd4 d5 14. Bd3 Qc7 15. Qe3 N8d7 16. O-O-O Kf8
17. g4 $1 Bd6 18. Kb1 Be5 19. g5 $40 {Hellers,F-Malaniuk,V/Philadelphia World
op/1992/}) 6. a4 $1 a5 7. Be3 Be7 8. Qd2 Na6 (8... Nbd7 9. Ng3 $36) 9. Nc1 Nb4
(9... O-O 10. Nd3 Nb4 11. dxe5 Nxd3+ 12. cxd3 dxe5 13. d4 $14) 10. Nb3 Be6 11.
O-O-O {@} Qb8 $6 (11... O-O $142 12. Qf2 $36) 12. dxe5 dxe5 13. Nc5 Qc8 14. Qf2
$16 h4 (14... O-O 15. Be2 {/\Rhg1,g4,׻}) 15. b3 Nh7 16. g3 $1 {/\f4->[+]} Nf8
17. Be2 (17. f4 $6 hxg3 18. Qxg3 exf4 19. Qxf4 Ng6 $13) 17... Bf6 18. Rhg1 Rb8
19. Rd2 Qc7 20. Rgd1 b6 (20... Bc8 21. f4 $1 $40 b6 22. fxe5 Bxe5 23. Rd8+ Qxd8
24. Rxd8+ Kxd8 25. Qxf7 {/\Bg5,Bf4+-}) 21. Nxe6 Nxe6 22. Bc4 Nd4 (22... Ke7 23.
Ne2 {/\c3,f4->}) 23. f4 $1 Ndxc2 24. Rd7 $1 (24. Rxc2 hxg3 25. hxg3 Nxc2 26.
Qxc2 $16) 24... Qxd7 $8 (24... Qc8 25. Bxf7+ Kf8 26. Bc5+ $1 $18) 25. Rxd7 Kxd7
26. fxe5 Nxe3 (26... Bxe5 27. Qxf7+ Kd6 28. Qe6+ $18) 27. exf6 Nxc4 28. Qf5+ (
28. fxg7 $4 Nd3+ $19) 28... Kc7 29. fxg7 Nd6 (29... Rhg8 30. Qxf7+ Kd6 31. bxc4
$18) 30. gxh8=Q Rxh8 31. Qf6 Re8 32. Qxh4 $18 Nd3+ 33. Kc2 Nc5 (33... Ne5 34.
Qf6 {/\h4-h5}) 34. Qh7 b5 (34... Ncxe4 35. Nxe4 Rxe4 36. h4 $18) 35. axb5 cxb5
36. Nd5+ Kc6 37. Nf6 Re6 38. Qh8 b4 (38... Ncxe4 39. Qa8+ Kb6 40. Nd5+ Kc5 41.
Nf4 $18) 39. Qa8+ Kc7 $2 {(+)} (39... Kb5 $142 40. Qb8+ Kc6 41. Qd8 $18) 40.
Qxa5+ Kb7 41. Qxc5 (41. Qxc5 Rxf6 42. e5 $18) 1-0

[Event "London WFW"]
[Site "London"]
[Date "1991.??.??"]
[Round "?"]
[White "Conquest, Stuart"]
[Black "Hodgson, Julian M"]
[Result "1-0"]
[WhiteElo "2460"]
[BlackElo "2545"]
[Annotator "Stohl,I"]
[PlyCount "75"]
[EventDate "1991.05.??"]
[EventType "tourn"]
[EventRounds "13"]
[EventCountry "ENG"]
[EventCategory "11"]
[SourceTitle "CBM 024"]
[Source "ChessBase"]
[SourceDate "1991.10.01"]
[SourceVersion "1"]
[SourceVersionDate "1991.10.01"]
[SourceQuality "1"]

1. d4 d6 2. e4 Nf6 3. Nc3 Nbd7 $5 4. f4 (4. Nf3 c6 5. a4 e5 6. Bc4 {-Philidor})
(4. g3 $5 e5 5. Nge2 Be7 6. Bg2 $14 {()}) 4... e5 5. Nf3 (5. dxe5 dxe5 6. fxe5
Nxe5 7. Qxd8+ Kxd8 8. Bg5 c6 9. Rd1+ Kc7 10. Nf3 Bd6 11. Nd4 a6 12. Be2 Neg4
13. g3 h6 14. Bf4 $2 Bxf4 15. gxf4 Ne3 $17 {Kunze,M-Buecker,S,FRG-ch 1991-CBM
24}) 5... Be7 (5... exd4 6. Qxd4 c6 7. Be3 $1 (7. e5 $6 dxe5 8. fxe5 Bc5 9. Qh4
Qe7 10. Bf4 Bb4 11. O-O-O Bxc3 12. exf6 Bxf6 13. Qg3 O-O $15 {Kuijf,R-Seret,JL,
Lyon zt 1990-CBM 18}) 7... d5 8. e5 (8. O-O-O Bc5 9. Qd2 Bb4 10. exd5 cxd5 (
10... Nxd5 $142 $5 11. Bd4 O-O $13) 11. Qe2 Bxc3 12. Bd4+ Ne4 13. Bxc3 O-O 14.
Bd4 Ndf6 15. Ne5 Nd6 16. g4 $40 {Georgiev,Kr-Bricard,E,Sofia tt 1990}) 8... Ng4
9. Bg1 Nh6 10. O-O-O Nc5 11. Qd2 b5 12. Ng5 Rb8 13. Bxc5 Bxc5 14. Nce4 Be7 15.
Qc3 Rb6 16. Nd6+ Bxd6 17. exd6 O-O 18. Bd3 f5 19. Qc5 Ng4 20. Rhe1 $16 {
Schaefer,M-Buecker,S,FRG-ch 1991-CBM 24}) (5... c6 $5 6. Be3 Ng4 7. Bg1 exf4 8.
Qd2 Ne3 9. Bxe3 fxe3 10. Qxe3 Be7 11. Bc4 b5 12. Bd3 Qb6 13. Qf4 O-O 14. O-O-O
b4 15. Ne2 Qa5 16. Kb1 Nb6 $132 {Byrne,R-Hodgson,J,London WFW 1991-CBM 24}) 6.
dxe5 $1 dxe5 7. fxe5 Ng4 8. Bf4 Bc5 9. Bg5 Be7 (9... f6 $2 10. exf6 gxf6 11.
Bh4 Ne3 12. Qd2 $16) 10. Bf4 Bc5 11. Bc4 $5 O-O (11... Nf2 $6 12. Qd5 O-O 13.
Rf1 $16) 12. Qe2 Qe8 13. O-O-O (13. e6 fxe6 14. Bxc7 Ne3 $146) 13... Ngxe5 (
13... Ndxe5 14. Nd5 Bd6 15. h3 Nxf3 16. Bxd6 $16) (13... Nf2 14. Nd5 Nxd1 15.
Nxc7 Qd8 16. Nxa8 Nf2 17. Rf1 $16) 14. Bb3 $36 a6 15. Rhf1 Bd6 16. Kb1 Kh8 (
16... Nc5 $2 17. Nxe5 Bxe5 18. Bxe5 Qxe5 19. Rxf7 $16) 17. h3 f6 18. g4 (18.
Nd4 Nc5 $132) 18... Nc5 19. Bd5 c6 (19... Be6 20. Nxe5 fxe5 21. Be3 $14) 20.
Bb3 Bc7 (20... Nxb3 $2 21. Rxd6 Nxf3 22. Rxf3 Nc5 23. e5 $16) 21. Be3 Nxb3 22.
axb3 b6 $6 (22... Nxf3 23. Qxf3 Be6 $132) 23. Nxe5 fxe5 (23... Qxe5 24. Bf4 Qe7
25. Bxc7 Qxc7 26. e5 $16 {/\} Re8 27. exf6 $1 Rxe2 28. f7 Be6 29. f8=Q+ Rxf8
30. Rxf8+ Bg8 31. Nxe2 $18) 24. Rxf8+ Qxf8 25. Qc4 $16 Qe8 (25... Bb7 26. Rd7
Rc8 27. Bxb6 $16) (25... c5 26. Nd5 Be6 27. b4 $16) 26. Nd5 $1 cxd5 (26... b5
$2 27. Nxc7) 27. Qxc7 d4 28. Bg1 {><e5,b6} Be6 (28... Bd7 29. Bh2 Rc8 30. Qxe5
Qxe5 31. Bxe5 Re8 32. Bxd4 $18) 29. Qxe5 Qg6 30. Rxd4 Re8 31. Rd6 $18 Qf7 32.
Bd4 a5 (32... Bxb3 33. Qxg7+ Qxg7 34. cxb3 $1 $18) 33. Qb5 a4 34. bxa4 Rc8 35.
Bxg7+ Kg8 (35... Kxg7 36. Qe5+ Kf8 37. Qxe6) 36. Bc3 h6 37. Rxb6 (37. Qe5 $4
Qf1+) 37... Bd7 38. Qd5 1-0

[Event "Rishon Le Ziyyon"]
[Site "Rishon Le Ziyyon"]
[Date "1994.??.??"]
[Round "10"]
[White "Kosashvili, Yona"]
[Black "Beim, Valery"]
[Result "1-0"]
[WhiteElo "2545"]
[BlackElo "2545"]
[Annotator "Stohl,I"]
[PlyCount "99"]
[EventDate "1994.11.??"]
[EventType "tourn"]
[EventRounds "11"]
[EventCountry "ISR"]
[EventCategory "11"]
[SourceTitle "CBM 045"]
[Source "ChessBase"]
[SourceDate "1995.04.01"]
[SourceVersion "1"]
[SourceVersionDate "1995.04.01"]
[SourceQuality "1"]

1. e4 d6 2. d4 Nf6 3. Nc3 g6 4. Bg5 Bg7 5. Qd2 c6 6. f4 (6. O-O-O b5 7. Re1 $5
h6 8. Bxf6 Bxf6 9. f4 e5 10. Nf3 exd4 11. e5 $1 dxe5 12. Ne4 Bg7 13. Nxe5 O-O
14. g4 $1 Be6 15. Bd3 Qd5 16. g5 Nd7 17. Nxd7 Bxd7 18. gxh6 Bh8 19. h4 Bg4 20.
h5 Qxa2 21. Qb4 gxh5 22. Qe7 Qa1+ 23. Kd2 Qa5+ 24. b4 Qd8 25. Ng5 $1 $18 {
Zajogin,A-Rustemov,A/BLA-ch Minsk/1994/}) 6... b5 7. Bd3 O-O (7... Qa5 $5 8.
Nf3 b4 9. Ne2 d5 10. Ng3 dxe4 11. Nxe4 O-O 12. O-O Qb6 13. a3 bxa3 14. Rxa3
Nbd7 15. Qa5 Rb8 16. Nxf6+ exf6 17. Qxb6 Nxb6 18. Bh4 Nd5 19. c4 Nxf4 20. Bg3
Bh6 21. Ne1 Nxd3 22. Bxb8 Be3+ 23. Kh1 Nf2+ 24. Kg1 Ng4+ 25. Kh1 Bxd4 $15 {
Sorokin,M-Spangenberg,H/San Martin/1993/}) 8. Nf3 (8. e5 $5 $13) 8... Bg4 (8...
Nbd7 9. O-O Nb6 10. Rae1 b4 11. Ne2 c5 12. c4 bxc3 13. bxc3 cxd4 14. cxd4 d5
15. Bxf6 exf6 16. Nc3 dxe4 17. Bxe4 Rb8 18. Bc6 Ba6 19. Rf2 Nc4 20. Qe2 Qa5 $36
{Tiviakov,S-Hennigan,M/Oakham/1992/}) 9. O-O (9. e5 $6 Bxf3 10. gxf3 Nh5 {
/\f6|^}) 9... Qb6 10. Ne2 Nbd7 11. c3 d5 (11... c5 12. e5 dxe5 13. fxe5 Nd5 14.
Be4 $14) (11... e5 $2 12. fxe5 dxe5 (12... Bxf3 13. exf6 $18) 13. Nxe5 $1 Nxe5
14. Bxf6 Nxd3 15. Qxd3 $16) 12. e5 Ne4 13. Qe3 $1 (13. Bxe4 dxe4 14. Ne1 f6 $15
) 13... f6 $2 (13... Nxg5 $142 $5 14. Nxg5 (14. fxg5 f6 $1 $10) 14... f6 15.
Nf3 fxe5 16. Nxe5 $8 (16. fxe5 Bxf3 17. Rxf3 Rxf3 18. gxf3 Nxe5 $17) 16... Nxe5
17. fxe5 Bxe2 18. Bxe2 $14) 14. Bh4 {()} Bf5 (14... fxe5 15. fxe5 Nxe5 16. Nxe5
Bxe5 17. Bxe4 dxe4 18. Qxe4 $16) 15. h3 $1 Bh6 (15... fxe5 16. fxe5 {/\} Nxe5
$2 17. Nxe5 Bxe5 18. Bxe4 (18. g4 $5 $36) 18... Bxe4 19. Rxf8+ Kxf8 (19... Rxf8
20. Bxe7 {/\Bc5+-}) 20. Qf2+ Bf6 21. Bxf6 exf6 22. Qxf6+ $16) 16. g4 Be6 17.
Bxe4 dxe4 18. Qxe4 Bd5 (18... f5 19. Qe3 $5 fxg4 20. hxg4 Bxg4 21. Bxe7 $16)
19. Qd3 (19. Qe3 Bxf3 (19... fxe5 20. Nxe5) 20. Qxf3 (20. Rxf3 fxe5 21. dxe5
Nxe5 $1 $17) 20... fxe5 21. Bxe7 Rf7 $36) 19... Bc4 $6 (19... fxe5 $5 20. Nxe5
Nxe5 21. fxe5 Bc4 22. Qc2 Be3+ 23. Kh2 $14) 20. Qe3 Bxe2 21. Qxe2 Bxf4 22. e6
Ne5 $8 (22... Nb8 23. g5 $5 f5 24. Ne5 $16 {פb8}) 23. Ne1 g5 (23... Bh6 $6 24.
Bg3 Nc4 25. Nd3 $16) 24. Rxf4 $1 (24. Ng2 Ng6 $13) 24... gxf4 25. Bf2 Ng6 26.
h4 $36 {פ,K,P} Rfd8 (26... c5 27. h5 cxd4 $5 (27... Nh8 28. dxc5 Qc6 29. Nf3
$18 {פh8}) 28. Bxd4 Qc6 29. hxg6 hxg6 30. g5 $1 $40) 27. Nd3 c5 $6 (27... Nf8
28. Nxf4 $16) 28. Nxc5 Qc6 29. Re1 Rd5 30. Nd3 (30. h5 $2 Rxc5 $1 31. dxc5 Ne5
$40) 30... Qc4 31. h5 Nf8 32. Bh4 $1 (32. Nxf4 Rg5 $132) 32... b4 33. Nxb4 Qxe2
34. Rxe2 Rd6 35. d5 Rc8 (35... a5 36. Nc6 $18 {/\Ne7,c4}) 36. Re4 Kg7 (36... a5
37. Nc6 Rcxc6 38. dxc6 Rxc6 39. Bxf6 $1 $18) 37. c4 a5 38. Nc2 $18 (38. Nc6 $6
Rcxc6 $1 39. dxc6 Rxc6 $16) 38... Nxe6 $5 (38... h6 39. Nd4 $18) 39. dxe6 Rd2
40. Nd4 Kf8 (40... Rxb2 41. Nf5+ Kf8 42. Bxf6 $1 exf6 43. e7+ $18) 41. b3 (41.
Nf5 $5) 41... a4 42. Bf2 $6 Rxa2 43. bxa4 Rxc4 44. Rxf4 Raxa4 45. Kg2 Ra5 46.
Kf3 Rd5 47. Be3 Rc3 (47... Re5 $142 48. Rf5 $5 $18) 48. Nf5 Re5 49. Ra4 Rec5 $8
(49... Rxe6 50. Ra8+ Kf7 51. Nh6+ Kg7 52. Rg8#) 50. Rd4 $1 (50. Rd4 Rc8 51. Rd7
R3c7 52. Bh6+ Ke8 53. Nxe7 $1 Rc3+ 54. Be3 R8c7 55. Nd5 $18) 1-0